Using wordstar
| Main Author: | |
|---|---|
| Other Authors: | |
| Format: | Book |
| Published: |
Dollas :
Houghton Mifflin Co. ,
1988
|
| Subjects: |
MARC
| LEADER | 00000cam a2200000 7i4500 | ||
|---|---|---|---|
| 001 | 0000003165 | ||
| 005 | 20050419.0 | ||
| 020 | |a 0395477905 | ||
| 040 | |a INS | ||
| 090 | 0 | 0 | |a Z52.5 W67 |b S54 1988 |
| 100 | 1 | |a Shelton, Nelda | |
| 245 | 1 | 0 | |a Using wordstar |c Nelda Shelton |
| 260 | |a Dollas : |b Houghton Mifflin Co. , |c 1988 | ||
| 300 | |a xv, 130p. ; |c 23 cm. | ||
| 650 | 0 | 0 | |a Wordstar(Computer Program) |
| 700 | 1 | |a Burton, Sharon | |
| 999 | |a 0000005044 |b BOOK |c Open Shelf |e Default branch | ||